Lääketieteellisiä termejä A-Ö #1 - Statistics

Yleistilastot
  • Tätä visaa on pelattu 199 kertaa
  • Keskiarvotulos 14 / 26
Vastaustilastot
Alkukirjain Vihje Vastaus % Oikein
A ihmisen suurin valtimo aortta
92%
O luukato osteoporoosi
85%
J yhdistää lihaksen luuhun jänne
83%
I värikalvo iiris
82%
D munuaisten korvaushoito dialyysi
78%
F raudan varastomuoto ferritiini
75%
K tyroksiinia tuottava elin kilpirauhanen
75%
S verenmyrkytys sepsis
68%
E taudin leviäminentietyllä alueella epidemia
65%
G silmänpainetauti glaukooma
64%
H maksatulehdus hepatiitti
60%
N hermosolu neuroni
60%
M jyrsijöiden levittämämunuaistauti myyräkuume
58%
L imukudossyöpä lymfooma
57%
C seinämän läpäiseväsuolistotulehdus Crohnin tauti
51%
T sydämen tiheälyöntisyys takykardia
51%
P suodattaa verta perna
49%
Z eläimestä ihmiseentarttuva tauti zoonoosi
47%
X miehen karyotyyppi XY
41%
Y aivojen osa, jossasijaitsee hengityskeskus ydinjatke
29%
Q sydänfilmin osa, jokavastaa systolea QRS-kompleksi
27%
B tyvisolusyöpä basaliooma
26%
V kiertäjähermo vagus
26%
U mahahaava ulkus
23%
R proteiinisynteesintapahtumispaikka ribosomi
16%
W tiamiinin puutoksestajohtuva aivosairaus Wernicken tauti
14%
Ehtoja vastaavia visoja ei löytynyt
Tulosjakauma
Jokaisen tuloksen saaneiden osuus
Persentiili vastausten määrän mukaan
Tuloshistoriasi
Et ole pelannut tätä visaa